00651nam a2200157Ia 4500008004100000082001800041100002300059245006800082260002600150300000800176630006800184730006800252942000900320999001900329952014500348100122s9999 xx 000 0 und d b25027a922.94 aBURKE MARIE LOUISE a"SWAMI VIVEKANANDA,HIS SEWND VILIT TO THE WEST,NEW DISCOVEVIES" bADVAITA ASHRAMAc1973 a843 a"SWAMI VIVEKANANDA,HIS SEWND VILIT TO THE WEST,NEW DISCOVEVIES" a"SWAMI VIVEKANANDA,HIS SEWND VILIT TO THE WEST,NEW DISCOVEVIES" cBOOK c367674d367671 00104070aSVPPARLEbSVPPARLEd1977-01-07g32.00l0o25027pSVPPARLE-25027r2010-01-25 00:00:00v32.00w2010-01-25yBOOKz", , General, NA"